[Event "Las Palmas Insular-chT Pref-B"]
[Site "Las Palmas"]
[Date "2015.11.28"]
[Round "4.1"]
[White "Arana Herrera, Antonio"]
[Black "Garcia Rodriguez, Ricardo"]
[Result "1-0"]
[WhiteElo "1869"]
[BlackElo "2045"]
[PlyCount "55"]
[EventDate "2015.10.17"]
[EventType "team-tourn"]
[EventRounds "14"]
[EventCountry "ESP"]
[SourceTitle "CBM 170 Extra"]
[Source "ChessBase"]
[SourceDate "2016.02.25"]
[SourceVersion "1"]
[SourceVersionDate "2016.02.25"]
[SourceQuality "1"]
[WhiteTeam "Telde Los Llanos"]
[BlackTeam "El Puerto de Santa Lucia"]
[WhiteTeamCountry "ESP"]
[BlackTeamCountry "ESP"]

1. e4 c5 2. Nc3 d6 3. f4 a6 4. a4 Nc6 5. Bc4 e5 6. f5 Bxf5 7. d3 Be6 8. Nd5 Bxd5 9. Bxd5 Nge7 10. Bc4 b5 11. Ba2 Nd4 12. Nh3 Qd7 13. axb5 f6 14. bxa6 d5 15. c3 Ne6 16. Qb3 c4 17. Qb7 Ra7 18. Qxd7+ Kxd7 19. exd5 Nxd5 20. Bxc4 Nec7 21. Bd2 Bc5 22. b4 Bb6 23. Ke2 Re8 24. Rhc1 h6 25. Bb3 g5 26. Ba4+ Kd6 27. Bxe8 Nxe8 28. c4 1-0

[Event "Las Palmas Insular-chT Pref-B"]
[Site "Las Palmas"]
[Date "2015.10.17"]
[Round "1.1"]
[White "Roca Marrero, Fernando"]
[Black "Garcia Rodriguez, Ricardo"]
[Result "0-1"]
[WhiteElo "1435"]
[BlackElo "2045"]
[PlyCount "45"]
[EventDate "2015.10.17"]
[EventType "team-tourn"]
[EventRounds "14"]
[EventCountry "ESP"]
[SourceTitle "CBM 170 Extra"]
[Source "ChessBase"]
[SourceDate "2016.02.25"]
[SourceVersion "1"]
[SourceVersionDate "2016.02.25"]
[SourceQuality "1"]
[WhiteTeam "Panaderia Pulido San Mateo"]
[BlackTeam "El Puerto de Santa Lucia"]
[WhiteTeamCountry "ESP"]
[BlackTeamCountry "ESP"]

1. d4 Nf6 2. Nf3 g6 3. Bf4 c5 4. e3 Qb6 5. Qc1 cxd4 6. exd4 Nc6 7. c3 d6 8. Bd3 Bg4 9. Nbd2 Rc8 10. h3 Nb4 11. Bb1 Bd7 12. a4 Qa6 13. Qd1 Nbd5 14. Bg5 Rxc3 15. Bxf6 Nf4 16. Nc4 Qxc4 17. bxc3 exf6 18. Qc2 Bf5 19. Qa2 Nxg2+ 20. Kd2 Bh6+ 21. Kd1 Qxc3 22. Qe2+ Be6 23. Ra2 0-1

[Event "Las Palmas Insular-chT Pref-B"]
[Site "Las Palmas"]
[Date "2015.01.31"]
[Round "6.1"]
[White "Garcia Rodriguez, Ricardo"]
[Black "Arana Herrera, Antonio"]
[Result "1/2-1/2"]
[WhiteElo "2047"]
[BlackElo "1887"]
[PlyCount "72"]
[EventDate "2014.11.22"]
[EventType "team-tourn"]
[EventRounds "14"]
[EventCountry "ESP"]
[SourceTitle "EXT 2016"]
[Source "ChessBase"]
[SourceDate "2015.10.08"]
[SourceVersion "1"]
[SourceVersionDate "2015.10.08"]
[SourceQuality "1"]
[WhiteTeam "El Patio Casa Museo"]
[BlackTeam "Los Llanos Telde"]
[WhiteTeamCountry "ESP"]
[BlackTeamCountry "ESP"]

1. e4 c5 2. Nf3 Nc6 3. c3 d5 4. e5 Bg4 5. Bb5 Qb6 6. Bxc6+ bxc6 7. 0-0 e6 8. d3 Ne7 9. b3 Ng6 10. Re1 h5 11. h3 Bf5 12. Qe2 Qa6 13. Rd1 Be7 14. Ne1 h4 15. Nf3 Rb8 16. c4 Rxb3 17. axb3 Qxa1 18. Qc2 Nxe5 19. Ne1 Qa5 20. Bd2 Qb6 21. Nc3 Nd7 22. Nf3 Bf6 23. Na4 Qa6 24. Bf4 0-0 25. Bd6 Rc8 26. Nxc5 Nxc5 27. Bxc5 Rb8 28. Nd4 Bg6 29. Qc3 Qb7 30. Ra1 a6 31. Bd6 Rd8 32. c5 Qa7 33. Ra4 e5 34. Ne2 Qb7 35. Rb4 Qd7 36. Rb6 Re8 1/2-1/2

[Event "Las Palmas Insular-chT Pref-B"]
[Site "Las Palmas"]
[Date "2015.01.24"]
[Round "5.2"]
[White "Garcia Rodriguez, Ricardo"]
[Black "Ramirez Maillo, Juan Adonay"]
[Result "1-0"]
[WhiteElo "2047"]
[BlackElo "1865"]
[PlyCount "73"]
[EventDate "2014.11.22"]
[EventType "team-tourn"]
[EventRounds "14"]
[EventCountry "ESP"]
[SourceTitle "EXT 2016"]
[Source "ChessBase"]
[SourceDate "2015.10.08"]
[SourceVersion "1"]
[SourceVersionDate "2015.10.08"]
[SourceQuality "1"]
[WhiteTeam "El Patio Casa Museo"]
[BlackTeam "Victoria Real"]
[WhiteTeamCountry "ESP"]
[BlackTeamCountry "ESP"]

1. e4 c5 2. Nf3 d6 3. Bb5+ Bd7 4. Bxd7+ Qxd7 5. 0-0 Nf6 6. e5 dxe5 7. Nxe5 Qc7 8. d4 e6 9. Nc3 Nbd7 10. Bf4 Nxe5 11. Bxe5 Qd7 12. Qf3 Qc6 13. Qxc6+ bxc6 14. Bxf6 gxf6 15. dxc5 Bxc5 16. Ne4 Be7 17. Rfd1 Rd8 18. Rxd8+ Kxd8 19. Kf1 Kc7 20. Rd1 Rb8 21. b3 f5 22. Nd2 a5 23. Nc4 Bb4 24. Rd3 h6 25. c3 Be7 26. Nxa5 c5 27. Nc4 Bf6 28. f4 Ra8 29. a3 Rd8 30. Ke2 Rg8 31. Kf3 Rd8 32. Rxd8 Kxd8 33. Ne5 Ke8 34. g4 fxg4+ 35. Kxg4 Bg7 36. c4 f6 37. Nd3 1-0

[Event "Las Palmas Insular-chT Pref"]
[Site "Las Palmas"]
[Date "2013.03.02"]
[Round "11.2"]
[White "Also Alvarado, Luis"]
[Black "Garcia Rodriguez, Ricardo"]
[Result "1/2-1/2"]
[WhiteElo "2214"]
[BlackElo "2097"]
[PlyCount "97"]
[EventDate "2012.11.10"]
[EventType "team-tourn"]
[EventRounds "14"]
[EventCountry "ESP"]
[SourceTitle "EXT 2014"]
[Source "ChessBase"]
[SourceDate "2013.11.20"]
[SourceVersion "1"]
[SourceVersionDate "2013.11.20"]
[SourceQuality "1"]
[WhiteTeam "Real Club Victoria"]
[BlackTeam "Casa Museo El Patio"]
[WhiteTeamCountry "ESP"]
[BlackTeamCountry "ESP"]

1. d4 d6 2. Nf3 Nf6 3. g3 Nbd7 4. Bg2 e5 5. c4 c6 6. 0-0 Be7 7. Nc3 exd4 8. Nxd4 Nb6 9. b3 d5 10. cxd5 Nbxd5 11. Nxd5 Nxd5 12. Bb2 Bf6 13. e4 Nb4 14. e5 Be7 15. e6 0-0 16. Nf5 fxe6 17. Nxg7 Qxd1 18. Raxd1 Nxa2 19. f4 Nb4 20. Rfe1 e5 21. Bxe5 Bg4 22. Rd2 Rad8 23. Rxd8 Rxd8 24. Bc3 Bc5+ 25. Kf1 Nc2 26. Re8+ Rxe8 27. Nxe8 Ne3+ 28. Kg1 Kf7 29. b4 Bb6 30. Nd6+ Ke7 31. Ne4 Nd1+ 32. Kf1 Bf5 33. Bd2 Ne3+ 34. Bxe3 Bxe3 35. Ke2 Bb6 36. Bf3 a5 37. bxa5 Bxa5 38. Nc5 Bc8 39. g4 Bc7 40. Nd3 Bd6 41. h4 c5 42. f5 b5 43. Nf2 h5 44. Ne4 c4 45. f6+ Ke6 46. gxh5 Bf8 47. Bg4+ Ke5 48. Bxc8 Kxe4 49. Ba6 1/2-1/2

[Event "Las Palmas Insular-chT Pref"]
[Site "Las Palmas"]
[Date "2013.02.02"]
[Round "8.2"]
[White "Brito Garcia, Alfredo"]
[Black "Garcia Rodriguez, Ricardo"]
[Result "1-0"]
[WhiteElo "2313"]
[BlackElo "2097"]
[PlyCount "83"]
[EventDate "2012.11.10"]
[EventType "team-tourn"]
[EventRounds "14"]
[EventCountry "ESP"]
[SourceTitle "EXT 2014"]
[Source "ChessBase"]
[SourceDate "2013.11.20"]
[SourceVersion "1"]
[SourceVersionDate "2013.11.20"]
[SourceQuality "1"]
[WhiteTeam "Hispafrica"]
[BlackTeam "Casa Museo El Patio"]
[WhiteTeamCountry "ESP"]
[BlackTeamCountry "ESP"]

1. Nf3 d5 2. c4 e6 3. g3 Nf6 4. Bg2 Be7 5. 0-0 0-0 6. b3 c5 7. d3 Nc6 8. Bb2 Qc7 9. a3 Rd8 10. cxd5 Nxd5 11. Nbd2 Bf6 12. Bxf6 Nxf6 13. Rc1 Qe7 14. Nc4 Rb8 15. Nfe5 Nxe5 16. Nxe5 Nd7 17. Nf3 b6 18. Qd2 Bb7 19. b4 Qd6 20. Qb2 f6 21. Rfd1 e5 22. Nh4 Bxg2 23. Nxg2 Qe6 24. Ne3 Rdc8 25. Rc2 h5 26. Rdc1 Kh7 27. Rc4 g6 28. Qd2 Ra8 29. Ng2 a5 30. bxc5 Nxc5 31. Qe3 Rd8 32. f4 Rd6 33. fxe5 fxe5 34. Nh4 Re8 35. Nf3 Kg7 36. Ng5 Qd7 37. Ne4 Rc6 38. Nxc5 bxc5 39. Rxc5 Qa7 40. d4 exd4 41. Qxd4+ Kh7 42. Rxh5+ 1-0

[Event "Las Palmas Insular-chT Pref"]
[Site "Las Palmas"]
[Date "2012.12.15"]
[Round "4.2"]
[White "Garcia Rodriguez, Ricardo"]
[Black "Also Alvarado, Luis"]
[Result "0-1"]
[WhiteElo "2097"]
[BlackElo "2214"]
[PlyCount "85"]
[EventDate "2012.11.10"]
[EventType "team-tourn"]
[EventRounds "14"]
[EventCountry "ESP"]
[SourceTitle "EXT 2014"]
[Source "ChessBase"]
[SourceDate "2013.11.20"]
[SourceVersion "1"]
[SourceVersionDate "2013.11.20"]
[SourceQuality "1"]
[WhiteTeam "Casa Museo El Patio"]
[BlackTeam "Real Club Victoria"]
[WhiteTeamCountry "ESP"]
[BlackTeamCountry "ESP"]

1. e4 e5 2. Nf3 Nc6 3. Bc4 Bc5 4. Nc3 Nf6 5. d3 d6 6. a3 Be6 7. Nd5 0-0 8. Bg5 Bxd5 9. Bxd5 h6 10. Bh4 g5 11. Nxg5 Nxd5 12. exd5 hxg5 13. Qg4 Nd4 14. Bxg5 Qc8 15. Qg3 Nf5 16. Qg4 Ng7 17. Qg3 Qf5 18. Bh6 Qg6 19. Qh3 f5 20. 0-0-0 Qg4 21. d4 Qxh3 22. gxh3 Bxd4 23. Rhg1 Rf7 24. Rg2 Kh7 25. Bg5 Nh5 26. c3 Bb6 27. Rdg1 Rg8 28. Kd2 Rfg7 29. Ke1 Nf4 30. Rg3 Bxf2+ 31. Kxf2 Rxg5 32. Kf3 Rxg3+ 33. hxg3 Nxd5 34. c4 Nf6 35. b4 Kg6 36. h4 Rh8 37. Kg2 Ne4 38. Rc1 a5 39. b5 Nc5 40. Re1 b6 41. Re3 Kf6 42. Kh2 e4 43. Kg2 0-1

[Event "Las Palmas Insular-chT Pref"]
[Site "Las Palmas"]
[Date "2012.11.17"]
[Round "2.1"]
[White "Garcia Rodriguez, Ricardo"]
[Black "Camino Carrio, Nicanor"]
[Result "1/2-1/2"]
[WhiteElo "2097"]
[BlackElo "2001"]
[PlyCount "48"]
[EventDate "2012.11.10"]
[EventType "team-tourn"]
[EventRounds "14"]
[EventCountry "ESP"]
[SourceTitle "EXT 2014"]
[Source "ChessBase"]
[SourceDate "2013.11.20"]
[SourceVersion "1"]
[SourceVersionDate "2013.11.20"]
[SourceQuality "1"]
[WhiteTeam "Casa Museo El Patio"]
[BlackTeam "Panaderia Pulido San Mateo"]
[WhiteTeamCountry "ESP"]
[BlackTeamCountry "ESP"]

1. e4 c5 2. Nf3 d6 3. d4 cxd4 4. Nxd4 Nf6 5. Nc3 g6 6. Bc4 Bg7 7. 0-0 0-0 8. Kh1 Nc6 9. Nb3 Bd7 10. f3 Rc8 11. Be2 a6 12. Bg5 b5 13. Qd2 Re8 14. Rad1 Be6 15. a4 bxa4 16. Nxa4 Rb8 17. Nc1 Qc7 18. b3 a5 19. Bf4 Nd7 20. Be3 Rec8 21. f4 Nf6 22. Bf3 Rb4 23. Qd3 Bc4 24. bxc4 Rxa4 1/2-1/2

[Event "Gran Canaria-ch Seniors"]
[Site "Las Palmas"]
[Date "2012.04.23"]
[Round "5.2"]
[White "Galvan Sarmiento, Jose Luis"]
[Black "Garcia Rodriguez, Ricardo"]
[Result "0-1"]
[WhiteElo "1961"]
[BlackElo "2180"]
[PlyCount "108"]
[EventDate "2012.04.12"]
[EventType "swiss"]
[EventRounds "6"]
[EventCountry "ESP"]
[SourceTitle "EXT 2024"]
[Source "ChessBase"]
[SourceDate "2023.10.10"]
[SourceVersion "1"]
[SourceVersionDate "2023.10.10"]
[SourceQuality "1"]

1. d4 g6 2. Bf4 d6 3. Nf3 Bg7 4. e3 Nf6 5. h3 Nbd7 6. Be2 b6 7. c4 Bb7 8. Nc3 Ne4 9. Nxe4 Bxe4 10. 0-0 e5 11. Bh2 0-0 12. b4 Qe7 13. Rc1 a5 14. a3 axb4 15. axb4 c5 16. Nd2 Bb7 17. bxc5 bxc5 18. Rb1 Bc6 19. d5 Ba4 20. Qc1 Rfb8 21. Rxb8+ Rxb8 22. Qa3 Rb4 23. Rb1 Rxb1+ 24. Nxb1 Nb6 25. Nc3 Qd7 26. Bg3 Bf8 27. Bh4 Kg7 28. f4 f6 29. fxe5 dxe5 30. Qb2 Qc7 31. Nb5 Qb7 32. Be1 Nd7 33. Bc3 Bxb5 34. Qxb5 Qxb5 35. cxb5 Bd6 36. Ba5 f5 37. Bd8 Kf7 38. b6 Ke8 39. Bc7 Bxc7 40. bxc7 Nb6 41. Bb5+ Ke7 42. Kf2 Kd6 43. e4 Kxc7 44. Kf3 Kd6 45. exf5 gxf5 46. g4 fxg4+ 47. hxg4 h6 48. Ke4 Nxd5 49. Bc4 Nb6 50. Bg8 Nd7 51. Kf5 Nb6 52. Bf7 c4 53. Bg8 Nd5 54. g5 Ne7+ 0-1

[Event "Las Palmas Insular-chT Pref"]
[Site "Las Palmas"]
[Date "2012.03.24"]
[Round "14.2"]
[White "Garcia Rodriguez, Ricardo"]
[Black "Herrera Reyes, Jose Antonio"]
[Result "0-1"]
[WhiteElo "2180"]
[BlackElo "2216"]
[PlyCount "60"]
[EventDate "2011.11.12"]
[EventType "team-tourn"]
[EventRounds "14"]
[EventCountry "ESP"]
[SourceTitle "EXT 2013"]
[Source "ChessBase"]
[SourceDate "2012.11.22"]
[SourceVersion "1"]
[SourceVersionDate "2012.11.22"]
[SourceQuality "1"]
[WhiteTeam "Casa Museo El Patio"]
[BlackTeam "Canarias Vecindario"]
[WhiteTeamCountry "ESP"]
[BlackTeamCountry "ESP"]

1. c4 Nf6 2. d4 e6 3. Nf3 c5 4. e3 d5 5. cxd5 exd5 6. Nc3 Nc6 7. Be2 Be7 8. 0-0 0-0 9. dxc5 Bxc5 10. a3 Bg4 11. b4 Bb6 12. h3 Bh5 13. Bb2 Rc8 14. Rc1 Bc7 15. Nd4 Qd6 16. g3 Nxd4 17. Qxd4 Bb6 18. Qd1 Bxe3 19. fxe3 Qxg3+ 20. Kh1 Qxh3+ 21. Kg1 Qxe3+ 22. Rf2 d4 23. Nd5 Qg5+ 24. Rg2 Qxd5 25. Bxh5 Rxc1 26. Qxc1 Nxh5 27. Rg5 Qf3 28. Bxd4 f6 29. Qc4+ Kh8 30. Qc5 Re8 0-1

[Event "Las Palmas Insular-chT Pref"]
[Site "Las Palmas"]
[Date "2012.03.17"]
[Round "13.2"]
[White "Trujillo Alvarado, Ivan"]
[Black "Garcia Rodriguez, Ricardo"]
[Result "1/2-1/2"]
[WhiteElo "2176"]
[BlackElo "2180"]
[PlyCount "88"]
[EventDate "2011.11.12"]
[EventType "team-tourn"]
[EventRounds "14"]
[EventCountry "ESP"]
[SourceTitle "EXT 2013"]
[Source "ChessBase"]
[SourceDate "2012.11.22"]
[SourceVersion "1"]
[SourceVersionDate "2012.11.22"]
[SourceQuality "1"]
[WhiteTeam "Real Club Victoria"]
[BlackTeam "Casa Museo El Patio"]
[WhiteTeamCountry "ESP"]
[BlackTeamCountry "ESP"]

1. d4 d5 2. Nf3 Nf6 3. g3 Bg4 4. Bg2 g6 5. 0-0 Qc8 6. c4 c6 7. Re1 Bg7 8. Nc3 0-0 9. cxd5 cxd5 10. Ne5 Rd8 11. Nxg4 Qxg4 12. Qb3 Nc6 13. h3 Qd7 14. Rd1 Rac8 15. Bg5 e6 16. Qa4 h6 17. Be3 Ne8 18. f3 a6 19. Bf2 Qe7 20. e3 Nd6 21. Qc2 b5 22. Qe2 Nb7 23. Rac1 Nba5 24. Nb1 Qb7 25. Bf1 Nc4 26. b3 Nb6 27. Be1 e5 28. dxe5 Bxe5 29. Bg2 d4 30. f4 Bg7 31. Kh2 Qd7 32. Bf2 d3 33. Qf3 Nb4 34. Rxc8 Qxc8 35. e4 Bd4 36. Bxd4 Rxd4 37. a3 Nc2 38. Bf1 d2 39. Rxd2 Rxd2+ 40. Nxd2 Qc5 41. a4 Qd4 42. Qe2 Ne3 43. Bg2 bxa4 44. bxa4 Nxa4 1/2-1/2

[Event "Las Palmas Insular-chT Pref"]
[Site "Las Palmas"]
[Date "2012.02.11"]
[Round "9.2"]
[White "Garcia Rodriguez, Ricardo"]
[Black "Perez Rosales, Pedro"]
[Result "1/2-1/2"]
[WhiteElo "2180"]
[BlackElo "2129"]
[PlyCount "93"]
[EventDate "2011.11.12"]
[EventType "team-tourn"]
[EventRounds "14"]
[EventCountry "ESP"]
[SourceTitle "EXT 2013"]
[Source "ChessBase"]
[SourceDate "2012.11.22"]
[SourceVersion "1"]
[SourceVersionDate "2012.11.22"]
[SourceQuality "1"]
[WhiteTeam "Casa Museo El Patio"]
[BlackTeam "Villa de Teror"]
[WhiteTeamCountry "ESP"]
[BlackTeamCountry "ESP"]

1. e4 c5 2. Nf3 Nc6 3. d4 cxd4 4. Nxd4 Nf6 5. Nc3 e6 6. Ndb5 d6 7. Be2 a6 8. Nd4 Qc7 9. a4 Bd7 10. Nb3 Na5 11. Nd2 Be7 12. 0-0 0-0 13. Bd3 Rfd8 14. Qe2 Rac8 15. Nd1 Nc6 16. c3 d5 17. f4 dxe4 18. Nxe4 Nxe4 19. Qxe4 g6 20. b4 Bf6 21. Bb2 Ne7 22. c4 Bxb2 23. Nxb2 Nf5 24. Qe1 Nd4 25. Rd1 Be8 26. Qc3 Qe7 27. Kh1 Nc6 28. c5 a5 29. bxa5 Nb8 30. Rc1 Rd5 31. Qa3 Rcxc5 32. Bb5 Bxb5 33. Rxc5 Qxc5 34. Qxc5 Rxc5 35. axb5 Rxb5 36. Nc4 Rb4 37. Rc1 Nc6 38. g3 Ra4 39. Nd6 Rxa5 40. Nxb7 Ra6 41. Kg2 Kf8 42. Nc5 Ra2+ 43. Kh3 Nd4 44. Nd7+ Ke7 45. Ne5 Rc2 46. Rd1 f6 47. Rxd4 1/2-1/2

[Event "Las Palmas Insular-chT Pref"]
[Site "Las Palmas"]
[Date "2012.01.14"]
[Round "5.2"]
[White "Natalicchio Escalante, Ricardo Nicolas"]
[Black "Garcia Rodriguez, Ricardo"]
[Result "1/2-1/2"]
[WhiteElo "2249"]
[BlackElo "2180"]
[PlyCount "115"]
[EventDate "2011.11.12"]
[EventType "team-tourn"]
[EventRounds "14"]
[EventCountry "ESP"]
[SourceTitle "EXT 2013"]
[Source "ChessBase"]
[SourceDate "2012.11.22"]
[SourceVersion "1"]
[SourceVersionDate "2012.11.22"]
[SourceQuality "1"]
[WhiteTeam "Anand Iberia"]
[BlackTeam "Casa Museo El Patio"]
[WhiteTeamCountry "ESP"]
[BlackTeamCountry "ESP"]

1. d4 g6 2. c4 Bg7 3. Nc3 Nf6 4. e4 0-0 5. f4 d6 6. Nf3 Nbd7 7. Be2 e6 8. 0-0 c5 9. d5 exd5 10. exd5 Nb6 11. Bd3 Re8 12. f5 Ng4 13. Bg5 Bf6 14. fxg6 hxg6 15. Bxf6 Qxf6 16. Qd2 Bf5 17. Rae1 Bxd3 18. Qxd3 Qf4 19. b3 Re3 20. Rxe3 Qxe3+ 21. Qxe3 Nxe3 22. Re1 Nf5 23. Ne4 Rd8 24. g4 Nh6 25. Nf6+ Kg7 26. Re7 Rb8 27. g5 Nf5 28. Re4 Rh8 29. Kg2 Nc8 30. h4 Nce7 31. Kh3 b6 32. Kg4 b5 33. h5 gxh5+ 34. Nxh5+ Rxh5 35. Rxe7 Rxg5+ 36. Nxg5 Nxe7 37. Kf4 f5 38. Ne6+ Kf6 39. Nc7 Ng6+ 40. Ke3 bxc4 41. bxc4 a5 42. Nb5 Ke5 43. Na7 f4+ 44. Kd3 Kf5 45. Nb5 Ne5+ 46. Kc3 Nf7 47. Kd3 Ke5 48. Nc3 Ng5 49. a4 f3 50. Ke3 f2 51. Ke2 Kd4 52. Nb5+ Kxc4 53. Nxd6+ Kxd5 54. Nb7 Kc4 55. Nxa5+ Kb4 56. Nc6+ Kxa4 57. Kxf2 c4 58. Ke3 1/2-1/2